000 00247nam a2200109Ia 4500
008 220204s9999 xx 000 0 und d
082 _a82-7
_bPLA.2
100 _aPlayboy
245 0 _aParty jokes. 2
260 _aNew York
_bJove
_c1982
942 _cBK
999 _c38285
_d38285